| 000 | 00196nam a22000737a 4500 | ||
|---|---|---|---|
| 999 |
_c24625 _d24625 |
||
| 003 | NUST | ||
| 005 | 20170615144357.0 | ||
| 008 | 140617b xxu||||| |||| 00| 0 eng d | ||
| 020 | _cAvailable | ||
| 022 | _a00221120 | ||
| 040 |
_aDLC _bDLC _cRCMS |
||
| 050 | _a532.14 CAM | ||
| 082 | _a532.14 CAM | ||
| 100 |
_aCambridge University press _92672 |
||
| 245 |
_aJournal of Fluid Mechanics vol 700 Jan _cWorster |
||
| 300 |
_a542 p. _c26 cm. |
||
| 500 | _aContents continued on inside back cover. | ||
| 538 | _iShelf # 12, Row # 1, System Engineering. | ||
| 942 |
_2ddc _cBK _h532.14 CAM |
||